Автоматизация технологических комплексов и систем в промышленности: учебное пособие
| Κύριος συγγραφέας: | |
|---|---|
| Συγγραφή απο Οργανισμό/Αρχή: | |
| Άλλοι συγγραφείς: | , |
| Περίληψη: | Заглавие с титульного экрана Электронная версия печатной публикации В пособии изложены основы построения систем автоматизации технологических процессов, в том числе на примерах практической реализации. Рассмотрены цифровые и аналоговые элементы систем автоматизации. Изложены вопросы управления автоматизированного электропривода в системах с преобразователями частоты. Предназначено для студентов, обучающихся по специальностям 140604 "Электропривод и автоматика промышленных установок и технологических комплексов" и 140610 "Электрооборудование и электрохозяйство предприятий, организаций и учреждений". Режим доступа: из корпоративной сети ТПУ |
| Γλώσσα: | Ρωσικά |
| Έκδοση: |
Томск, Изд-во ТПУ, 2011
|
| Θέματα: | |
| Διαθέσιμο Online: | http://www.lib.tpu.ru/fulltext2/m/2012/m276.pdf |
| Μορφή: | Ηλεκτρονική πηγή Βιβλίο |
| KOHA link: | https://koha.lib.tpu.ru/cgi-bin/koha/opac-detail.pl?biblionumber=217181 |
MARC
| LEADER | 00000nlm0a2200000 4500 | ||
|---|---|---|---|
| 001 | 217181 | ||
| 005 | 20240224144824.0 | ||
| 035 | |a (RuTPU)RU\TPU\book\237172 | ||
| 035 | |a RU\TPU\book\230704 | ||
| 090 | |a 217181 | ||
| 100 | |a 20120601d2011 m y0rusy50 ca | ||
| 101 | 0 | |a rus | |
| 102 | |a RU | ||
| 105 | |a a j 001zy | ||
| 135 | |a drnn ---uucaa | ||
| 181 | 0 | |a i | |
| 182 | 0 | |a b | |
| 200 | 1 | |a Автоматизация технологических комплексов и систем в промышленности |e учебное пособие |f Н. В. Гусев, С. В. Ляпушкин, М. В. Коваленко |g Национальный исследовательский Томский политехнический университет (ТПУ) | |
| 203 | |a Текст |c электронный | ||
| 210 | |a Томск |c Изд-во ТПУ |d 2011 | ||
| 300 | |a Заглавие с титульного экрана | ||
| 300 | |a Электронная версия печатной публикации | ||
| 330 | |a В пособии изложены основы построения систем автоматизации технологических процессов, в том числе на примерах практической реализации. Рассмотрены цифровые и аналоговые элементы систем автоматизации. Изложены вопросы управления автоматизированного электропривода в системах с преобразователями частоты. Предназначено для студентов, обучающихся по специальностям 140604 "Электропривод и автоматика промышленных установок и технологических комплексов" и 140610 "Электрооборудование и электрохозяйство предприятий, организаций и учреждений". | ||
| 333 | |a Режим доступа: из корпоративной сети ТПУ | ||
| 337 | |a Adobe Reader | ||
| 452 | 1 | |0 (RuTPU)RU\TPU\book\230704 |t Автоматизация технологических комплексов и систем в промышленности |o учебное пособие |f Н. В. Гусев, С. В. Ляпушкин, М. В. Коваленко |g Национальный исследовательский Томский политехнический университет (ТПУ) |c Томск |n Изд-во ТПУ |d 2011 |p 198 с. |a Гусев, Николай Владимирович | |
| 606 | 1 | |a Автоматизированные системы управления технологическими процессами (АСУ ТП) |2 stltpush |3 (RuTPU)RU\TPU\subj\742 |9 29554 | |
| 610 | 1 | |a промышленность | |
| 610 | 1 | |a технологические процессы | |
| 610 | 1 | |a комплексная автоматизация | |
| 610 | 1 | |a САУ | |
| 610 | 1 | |a системы автоматического управления | |
| 610 | 1 | |a автоматическое управление | |
| 610 | 1 | |a построение | |
| 610 | 1 | |a ЧПУ | |
| 610 | 1 | |a числовое программное управление | |
| 610 | 1 | |a архитектура | |
| 610 | 1 | |a аппаратные средства | |
| 610 | 1 | |a компьютеры | |
| 610 | 1 | |a контроллеры | |
| 610 | 1 | |a исполнительные устройства | |
| 610 | 1 | |a датчики | |
| 610 | 1 | |a вспомогательное оборудование | |
| 610 | 1 | |a учебные пособия | |
| 610 | 1 | |a труды учёных ТПУ | |
| 610 | 1 | |a электронный ресурс | |
| 675 | |a 658.512.4.011.56(075.8) |v 3 | ||
| 700 | 1 | |a Гусев |b Н. В. |c специалист в области электротехники |c доцент Томского политехнического университета, кандидат технических наук |f 1981- |g Николай Владимирович |3 (RuTPU)RU\TPU\pers\26528 |9 12222 | |
| 701 | 1 | |a Ляпушкин |b С. В. |c специалист в области электротехники |c доцент Томского политехнического университета, кандидат технических наук |f 1973- |g Сергей Викторович |y Томск |3 (RuTPU)RU\TPU\pers\27842 |9 12877 | |
| 701 | 1 | |a Коваленко |b М. В. |c специалист в области электротехники |c заведующий лабораторией Томского политехнического университета |f 1953- |g Михаил Васильевич |3 (RuTPU)RU\TPU\pers\28896 |9 13629 | |
| 712 | 0 | 2 | |a Национальный исследовательский Томский политехнический университет |c (2009- ) |3 (RuTPU)RU\TPU\col\15902 |9 26305 |
| 801 | 1 | |a RU |b 63413507 |c 20120311 | |
| 801 | 2 | |a RU |b 63413507 |c 20120601 |g RCR | |
| 856 | 4 | |u http://www.lib.tpu.ru/fulltext2/m/2012/m276.pdf | |
| 942 | |c CF | ||